Billboard Top 100 2013 - Statistics

General Stats
  • This quiz has been taken 87 times
  • The average score is 36 of 100
Answer Stats
Number Artist Song % Correct
1 Macklemore & Ryan Lewis ft Wanz Thrift Shop
86%
2 Robin Thicke ft T.I. & Pharrell Blurred Lines
85%
15 Lorde Royals
81%
3 Imagine Dragons Radioactive
74%
18 Miley Cyrus Wrecking Ball
72%
5 Macklemore & Ryan Lewis ft Ray Dalton Can't Hold Us
70%
7 P!nk ft Nate Ruess Just Give Me A Reason
70%
6 Justin Timberlake Mirrors
70%
19 Avicii Wake Me Up!
68%
21 Anna Kendrick Cups (Pitch Perfect's When I'm Gone)
65%
14 Daft Punk ft Pharrell Williams Get Lucky
65%
23 will.i.am & Britney Spears Scream & Shout
62%
55 PSY Gangnam Style
61%
28 Icona Pop ft Charli XCX I Love It
61%
10 Katy Perry Roar
61%
13 Rihanna ft Mikky Ekko Stay
61%
97 Passenger Let Her Go
59%
17 Miley Cyrus We Can't Stop
59%
12 The Lumineers Ho Hey
55%
62 Imagine Dragons Demons
54%
29 Capital Cities Safe And Sound
53%
63 OneRepublic Counting Stars
51%
31 Ariana Grande ft Mac Miller The Way
51%
24 Zedd ft Foxes Clarity
50%
36 Pitbull ft Christina Aguilera Feel This Moment
50%
4 Baauer Harlem Shake
50%
16 Taylor Swift I Knew You Were Trouble.
50%
42 Justin Bieber ft Nicki Minaj Beauty And A Beat
49%
27 Rihanna Diamonds
47%
50 Demi Lovato Heart Attack
47%
26 Swedish House Mafia ft John Martin Don't You Worry Child
46%
11 Bruno Mars Locked Out Of Heaven
46%
25 AWOLNATION Sail
46%
8 Bruno Mars When I Was Your Man
46%
37 Lady Gaga Applause
45%
58 fun. Some Nights
45%
9 Florida Georgia Line ft Nelly Cruise
42%
45 Lana Del Rey vs. Cedric Gervais Summertime Sadness
42%
46 Phillip Phillips Home
41%
71 Taylor Swift 22
39%
20 Justin Timberlake ft JAY-Z Suit & Tie
39%
96 Sara Bareilles Brave
38%
85 The Script ft will.i.am Hall Of Fame
38%
30 Bruno Mars Treasure
38%
33 Selena Gomez Come & Get It
36%
22 Jay-Z ft Justin Timberlake Holy Grail
36%
57 Ke$ha Die Young
35%
65 Of Monsters And Men Little Talks
32%
95 will.i.am ft Justin Bieber #thatPOWER
32%
49 Alicia Keys ft Nicki Minaj Girl On Fire
31%
75 Ed Sheeran The A Team
31%
73 Ylvis The Fox
31%
56 Calvin Harris ft Ellie Goulding I Need Your Love
30%
38 Maroon 5 One More Night
30%
43 Macklemore & Ryan Lewis ft Mary Lambert Same Love
30%
32 Drake Started From The Bottom
30%
82 Olly Murs ft Flo Rida Troublemaker
30%
34 Drake ft Majid Jordan Hold On, We're Going Home
28%
53 P!nk Try
28%
74 One Direction Best Song Ever
27%
47 Imagine Dragons It's Time
27%
52 Mumford & Sons I Will Wait
27%
100 Paramore Still Into You
27%
59 Wale ft Tiara Thomas Or Rihanna Bad
26%
35 Maroon 5 Daylight
26%
40 Fall Out Boy My Songs Know What You Did In The Dark (Light Em Up)
26%
79 Kendrick Lamar Swimming Pools (Drank)
26%
44 Calvin Harris ft Florence Welch Sweet Nothing
24%
76 fun. Carry On
23%
77 Tim McGraw With Taylor Swift Highway Don't Care
22%
39 Lil Wayne ft Drake & Future Love Me
22%
81 Mariah Carey ft Miguel #Beautiful
20%
93 Lady Antebellum Downtown
20%
61 Phillip Phillips Gone, Gone, Gone
20%
88 Emeli Sande Next To Me
20%
92 Hunter Hayes Wanted
20%
41 A$AP Rocky ft Drake, 2 Chainz, & Kendrick Lamar F**kin Problems
19%
54 Darius Rucker Wagon Wheel
19%
83 Ciara Body Party
18%
51 Maroon 5 Love Somebody
18%
70 Rihanna Pour It Up
18%
67 Eminem Berzerk
16%
64 Flo Rida I Cry
16%
84 Miguel Adorn
15%
86 Ne-Yo Let Me Love You (Until You Learn To Love Yourself)
15%
91 Ace Hood ft Future & Rick Ross Bugatti
14%
60 Blake Shelton ft Piston Annies & Friends Boys 'round Here
12%
66 Jason Derulo The Other Side
12%
87 Rocko ft Future & Rick Ross U.O.E.N.O.
12%
99 2 Chainz I'm Different
11%
89 Miranda Lambert Mama's Broken Heart
11%
48 J. Cole ft Miguel Power Trip
11%
68 Kelly Clarkson Catch My Breath
9%
94 Florida Georgia Line Get Your Shine On
9%
98 Randy Houser Runnin' Outta Moonlight
9%
78 Luke Bryan That's My Kind Of Night
9%
69 Luke Bryan Crash My Party
8%
90 Thomas Rhett It Goes Like This
8%
72 Hunter Hayes I Want Crazy
8%
80 Blake Shelton Sure Be Cool If You Did
8%
No matching quizzes found
Score Distribution
Percent of People with Each Score
Percentile by Number Answered
Your Score History
You have not taken this quiz